Bridges by Pictures - Statistics

General Stats
  • This quiz has been taken 71 times
  • The average score is 5 of 12
Answer Stats
Picture Answer % Correct
Golden Gate Bridge
98%
Tower Bridge
95%
Brooklyn Bridge
79%
Sydney Harbour Bridge
51%
Rialto Bridge
44%
Charles Bridge
38%
Millau Viaduct
37%
Ponte Vecchio
37%
Pont Neuf
33%
Akashi-Kaikyo Bridge
10%
Stari Most
10%
Great Belt Bridge
8%
No matching quizzes found
Score Distribution
Percent of People with Each Score
Percentile by Number Answered
Your Score History
You have not taken this quiz